000
00311nam a2200109Ia 4500
008
180205s9999 xx 000 0 und d
020
_a
9710846825
100
_a
Bisa, Simplicio P.
245
_a
Diwa ng lahi :
_b
para sa komunikasyon
260
_a
Quezon City
_b
National book store
_c
1990
300
_a
iii, 202 pages
999
_c
354691
_d
354691